<?xml version="1.0" encoding="UTF-8"?>
<record
    xmlns:xsi="http://www.w3.org/2001/XMLSchema-instance"
    xsi:schemaLocation="http://www.loc.gov/MARC21/slim http://www.loc.gov/standards/marcxml/schema/MARC21slim.xsd"
    xmlns="http://www.loc.gov/MARC21/slim">

  <leader>01102nam a22002057a 4500</leader>
  <datafield tag="999" ind1=" " ind2=" ">
    <subfield code="c">357924</subfield>
    <subfield code="d">357924</subfield>
  </datafield>
  <controlfield tag="003">IT-MiCISF</controlfield>
  <controlfield tag="005">20180704174027.0</controlfield>
  <controlfield tag="008">180704b           ||||| |||| 00| 0 eng d</controlfield>
  <datafield tag="040" ind1=" " ind2=" ">
    <subfield code="c">IT-MiCISF</subfield>
  </datafield>
  <datafield tag="041" ind1=" " ind2=" ">
    <subfield code="a">it</subfield>
  </datafield>
  <datafield tag="100" ind1=" " ind2=" ">
    <subfield code="a">Cattaneo Arturo</subfield>
    <subfield code="9">57280</subfield>
  </datafield>
  <datafield tag="245" ind1=" " ind2=" ">
    <subfield code="a">Prepararsi al matrimonio</subfield>
    <subfield code="b">Guidati da Papa Francesco</subfield>
  </datafield>
  <datafield tag="260" ind1=" " ind2=" ">
    <subfield code="a">Torino</subfield>
    <subfield code="b">Elledici</subfield>
    <subfield code="c">2018</subfield>
  </datafield>
  <datafield tag="300" ind1=" " ind2=" ">
    <subfield code="a">pp. 56</subfield>
  </datafield>
  <datafield tag="500" ind1=" " ind2=" ">
    <subfield code="a">matrimonio, preparazione-al-matrimonio, matrimonio-sacramento</subfield>
  </datafield>
  <datafield tag="520" ind1=" " ind2=" ">
    <subfield code="a">L'amore da solo basta per sposarsi? Questa piccola guida propone un percorso volto a superare egoismi e instabilit&#xE0;, per alimentare radici profonde su cui fondare una nuova casa. Il testo &#xE8; basato sugli insegnamenti di papa Francesco contenuti nell'esortazione "Amoris laetitia" e offre materiali e spunti suggestivi per sei incontri di preparazione: "Che significa sposarsi?", "Costruire su un fondamento solido", "Sviluppare radici profonde", "Come affrontare e superare le crisi", "Un progetto da portare avanti insieme" e "Perch&#xE9; in chiesa?".</subfield>
  </datafield>
  <datafield tag="650" ind1=" " ind2=" ">
    <subfield code="a">matrimonio</subfield>
    <subfield code="9">56048</subfield>
  </datafield>
  <datafield tag="654" ind1=" " ind2=" ">
    <subfield code="a">sussidio</subfield>
  </datafield>
  <datafield tag="942" ind1=" " ind2=" ">
    <subfield code="2">ddc</subfield>
    <subfield code="c">BK</subfield>
  </datafield>
  <datafield tag="952" ind1=" " ind2=" ">
    <subfield code="0">0</subfield>
    <subfield code="1">0</subfield>
    <subfield code="2">ddc</subfield>
    <subfield code="4">0</subfield>
    <subfield code="6">B_7476_000000000000000</subfield>
    <subfield code="7">1</subfield>
    <subfield code="a">CISF</subfield>
    <subfield code="b">CISF</subfield>
    <subfield code="d">2018-07-04</subfield>
    <subfield code="l">0</subfield>
    <subfield code="o">b7476</subfield>
    <subfield code="p">9788801064025</subfield>
    <subfield code="r">2018-07-04 00:00:00</subfield>
    <subfield code="w">2018-07-04</subfield>
    <subfield code="y">BK</subfield>
  </datafield>
</record>
